00490nam a2200157Ia 450000500170000000800460001703700120006304000200007504100130009508400210010810000270012924501040015626000420026030000140030265000160031620250508155351.0008 250505s9999 xx 000 0 eng d aTextual aFEDLbengcFEDL aeng2eng a152.8, BURqFEDL aBuros Oscar Krisen Ed. 0aTests in print: A comprehensive bibliography of tests for use in education, psychology and industry aNew Jersey, USAbGryphon Press c1961 axxix,479p aPsychometry